000 00362nam a2200145 i 4500
001 bg
100 1 _aCHACATUROV, Tigran S.
245 0 _aWspółczesna gospodarka Związku Radzieckiego /
_cTigran S. Chacaturow.
260 _aWarszawa,
_c1978.
040 _cBPK
041 _apol
080 _a338.22
942 _cKS
008 s pl f |000 0 pol
999 _c9717
_d9717
856 _uhttp://koha.tu.koszalin.pl/cgi-bin/koha/opac-detail.pl?biblionumber=9717
_yKatalog online BPK